Отражение сильноточного электронного пучка от плазменного слоя с размытой границей; Журнал прикладной механики и технической физики; № 3

Dades bibliogràfiques
Parent link:Журнал прикладной механики и технической физики/ Академия наук СССР (АН СССР), Сибирское отделение (СО).— , 1960-1991.— 0869-5032
№ 3.— 1989.— с. 6-12
Altres autors: Антаблян О. Г. Оник Геворгевич, Григорьев В. П. Владимир Петрович, Поташев А. Г. Александр Григорьевич, Преслер Л. В. Лариса Васильевна, Ханикянц Е. К.
Idioma:rus
Publicat: 1989
Matèries:
Format: MixedMaterials Capítol de llibre
KOHA link:https://koha.lib.tpu.ru/cgi-bin/koha/opac-detail.pl?biblionumber=446605

MARC

LEADER 00000naa2a2200000 4500
001 446605
005 20231101082541.0
035 |a (RuTPU)RU\TPU\prd\108513 
035 |a RU\TPU\tpu\8361 
090 |a 446605 
100 |a 20110504a1989 k y0rusy50 ca 
101 0 |a rus 
102 |a RU 
200 1 |a Отражение сильноточного электронного пучка от плазменного слоя с размытой границей  |f О. Г. Антаблян [и др.] 
320 |a Библиогр.: 6 назв. 
461 1 |0 (RuTPU)RU\TPU\prd\302  |x 0869-5032  |t Журнал прикладной механики и технической физики  |f Академия наук СССР (АН СССР), Сибирское отделение (СО)  |d 1960-1991 
463 1 |0 (RuTPU)RU\TPU\prd\108512  |t № 3  |v с. 6-12  |d 1989 
610 1 |a труды учёных ТПУ 
701 1 |a Антаблян  |b О. Г.  |c кандидат физико-матемматических наук  |g Оник Геворгевич  |2 stltpush  |3 (RuTPU)RU\TPU\pers\2721 
701 1 |a Григорьев  |b В. П.  |c доктор фиико-математических наук  |c НИИ ЯФ  |f 1941-  |g Владимир Петрович  |2 stltpush  |3 (RuTPU)RU\TPU\pers\2566 
701 1 |a Поташев  |b А. Г.  |c кандидат физико-математических наук  |c НИИ ЯФ  |f 1938-  |g Александр Григорьевич  |2 stltpush  |3 (RuTPU)RU\TPU\pers\2722 
701 1 |a Преслер  |b Л. В.  |g Лариса Васильевна  |2 stltpush  |3 (RuTPU)RU\TPU\pers\2723 
701 1 |a Ханикянц  |b Е. К.  |c кандидат физико-математических наук  |2 stltpush  |3 (RuTPU)RU\TPU\pers\2724 
801 2 |a RU  |b 63413507  |c 20110504  |g PSBO 
942 |c BK